000 00527nam a22001937a 4500
003 CEME
005 20210628201939.0
008 210208b xxu||||| |||| 00| 0 eng d
020 _a81-203-0567-1
040 _c.
082 _a658.16 STI
100 _aStill, Richard.R ,Cundiff, Edward W ,Govoni, Norman.A.P
_957537
245 _aSales management ,decision, strategies and cases
250 _a5TH
260 _aINDIA
_bPRENTICE HALL
_c2004
300 _aXVI,638P
650 _aSALES MANAGEMENT
_957538
942 _cBK
_2ddc
999 _c567813
_d567813